| 000 | 00450nam a22001697a 4500 | ||
|---|---|---|---|
| 999 |
_c20779 _d20779 |
||
| 003 | BDDh-ASL | ||
| 005 | 20231015025932.0 | ||
| 008 | 210113s1955 bg ||||| |||| 00| 0 eng d | ||
| 040 | _cBDDh-ASL | ||
| 082 |
_a297.61 _bALO |
||
| 100 | 1 |
_92750 _aAhsan, Syed Ali |
|
| 245 | 1 | 0 | _aOur Heritage / |
| 260 |
_aDacca: _bMukhdumi & Ahsanullah Library, _c1955. |
||
| 300 |
_a114 p.: _c18 cm. |
||
| 650 | 0 |
_91652 _aIslam _xIslamic Heritage |
|
| 942 |
_2ddc _cBK |
||